Plague and empire in the early modern Mediterranean world : the Ottoman experience, 1347-1600 /

Saved in:

Main Author: Varlik, Nükhet (Author)

Format: Book

Language: English

Subjects:

Tags: Add Tag

No Tags, Be the first to tag this record!

Call Number: RC179 .T9 V37

LEADER 01034namaa2200277 4500
003 OSt
005 20200414094504.0
008 130303s2017 nyua g b 001 0 eng d
952 |0 0  |1 0  |2 lcc  |4 0  |6 RC0179 T9 V37  |7 1  |9 1381  |a ARCE  |b ARCE  |d 2020-04-14  |l 0  |o RC179 .T9 V37  |p 1039652  |r 2020-04-14 00:00:00  |w 2020-04-14  |y BK 
999 |c 2758  |d 2758 
020 |a 9781108412773 
040 |c ARCE Library 
043 |a a-tu--- 
050 0 4 |a RC179 .T9 V37 
100 1 |a Varlik, Nükhet,  |e author  |9 41573 
245 1 0 |a Plague and empire in the early modern Mediterranean world :  |b the Ottoman experience, 1347-1600 /  |c Nukhet Varlik. 
264 1 |a New York :  |b Cambridge University Press,  |c 2017. 
300 |a xviii, 336 pages :  |b illustrations ;  |c 24 cm 
336 |a text  |b txt  |2 rdacontent 
337 |a unmediated  |b n  |2 rdamedia 
338 |a volume  |b nc  |2 rdacarrier 
504 |a Includes bibliographical references and index. 
650 0 |a Black Death  |z Turkey  |x History. 
650 0 |a Plague  |z Turkey  |x Epidemiology  |x History. 
901 |a reviewed 
942 |c BK  |2 lcc